000 00526nam a22001697a 4500
003 ost
005 20140310182521.0
008 130810t xxu||||| |||| 00| 0 eng d
020 _a9715844375
050 _aQP 531
_b.T113 2006
100 _aTabinas, Camilo A.
_99422
245 _aNaming and Writing simple inorganic chemical formulas :
_cCamilo A. Tabinas.
_btext and module with worksheets /
260 _aQuezon City:
_bC & E Publishing Co.,
_cc2006.
300 _a98 p. :
_c26 cm.
942 _2lcc
_cSSLC
999 _c14024
_d14024